00622nam a2200169 a 450000100100000000500170001000800410002704000250006808200170009310000290011024501030013926000420024230000210028404900090030595201210031499900170043500002338720200930022201.0101206s1983 mx r 000 0 spa d aDO-SdBNPbspacBNPHU axxxxxbP769c1 aPolitzer, Georges94817610aCurso de filosofía :bprincipios elementales y fundamentales de filosofía /cGeorges Politzer. aMéxico, D. F. :bQuinto Sol,c1983. a286 p. ;c17 cm. aBNGR 001054708MOaGRbGRcCTd2010-12-06iLF1l0oxxxxx P769cp23387-10r2020-06-25w2020-06-25y4ZPréstamo en sala c22884d22884